000 00931nam a22003017a 4500
003 DO-SdBNP
005 20180216142809.0
008 151027b 2003 sp ||||| |||| 00| 0 spa d
020 _a8434833679
020 _a9788434833678
040 _aBPMSU
_bspa
_cBPMSU
082 _a863.6
_bV393u 2003
100 1 _aVázquez-Vigo, Carmen,
_d1923-.
245 _aUn monstruo en el armario /
_bCarmen Vázquez-Vigo
250 _a23a. ed.
260 _aMadrid :
_bSM,
_c2003
300 _a105 p. :
_bil. ;
_g20 cm
490 1 _aEl barco de vapor
_v68
500 _aA partir de 9 años
586 _aPremio Lazarillo 1973.
586 _aPremio Nacional de Literatura infantil y Juvenil 1992.
650 _aCUENTOS INFANTILES ESPAÑOLES
650 _aLITERATURA INFANTIL ESPAÑOLA
830 0 _aEl barco de vapor
_v68
942 _2ddc
_cBK
945 _aInventariado, 2018 /LP
956 _a VMATEO
_b10
_c20161128
_dBPMSU
_f0069
999 _c12117
_d12117